000 00368nam a2200121Ia 4500
008 170224s9999 xx 000 0 und d
245 _aCE: Cardiotoxicity and Breast Cancer as Late Effects of Pediatric and Adolescent Hodgkin Lymphoma Treatment
260 _bAmerican Journal of Nursing
260 _c2016
300 _a116:4
500 _aApril
650 _xNursing.
999 _c316873
_d316873